000 005410000a22001810004500
003 MACL
005 20160610163643.0
008 160610b xxu||||| |||| 00| 0 eng d
040 _aMACL
_cmacl
041 _aHindi
082 _a891.433
100 _aसैनी, राजकुमार
_944994
245 _aपडोसन
_cराजकुमार सैनी
260 _bराजेश प्रकाशन
_c1997
_aनई दिल्‍ली
350 _a100
650 _aStories
_964038
942 _cHIN
_k891.433
_2ddc
999 _c30131
_d30131